000 00271nam a2200097Ia 4500
001 652195
005 20250826154434.0
008 250824s9999 xx 000 0 und d
245 0 _aBüyük Makineler Uçaklar ve Helikopterler
_cClive Gifford
260 _bTÜBİTAK YAYINLARI
999 _c652195
_d652195